[Event "GER-ch Net blitz qual2"]
[Site "Playchess.com INT"]
[Date "2021.05.04"]
[Round "10"]
[White "Barz, Stephan"]
[Black "Schmidt, Sandra"]
[Result "0-1"]
[WhiteElo "1538"]
[BlackElo "1423"]
[PlyCount "98"]
[EventDate "2021.05.04"]
[EventType "swiss (blitz)"]
[EventRounds "11"]
[EventCountry "GER"]
[SourceTitle "CBM 202 Extra"]
[Source "ChessBase"]
[SourceDate "2021.07.31"]
[SourceVersion "1"]
[SourceVersionDate "2021.07.31"]
[SourceQuality "1"]

1. e4 c5 2. Nf3 d6 3. d4 cxd4 4. Nxd4 Nc6 5. Nxc6 bxc6 6. Nc3 g6 7. Be2 Bg7 8. Bd2 Nf6 9. 0-0 0-0 10. Bf3 Qb6 11. Rb1 c5 12. Nd5 Nxd5 13. exd5 Bb7 14. c3 Qa5 15. Qb3 Qb6 16. Qc2 Rfb8 17. Rfe1 Qc7 18. Bg5 f6 19. Bf4 a5 20. Re2 Ba6 21. c4 Rb4 22. b3 a4 23. Rbe1 Bf8 24. Qd2 g5 25. Bg3 axb3 26. axb3 Rxb3 27. h4 Bxc4 28. Re6 Qa5 29. Qc1 Rc3 30. Qd2 Rd3 31. Qc1 Qc3 32. Qxc3 Rxc3 33. hxg5 fxg5 34. Kh2 Bd3 35. Be4 Bxe4 36. R1xe4 Ra2 37. Rg4 h6 38. Rge4 Rd3 39. Kh3 Rxd5 40. Kg4 Rad2 41. f3 R2d4 42. Rxd4 Rxd4+ 43. Kh5 Kf7 44. Re2 Bg7 45. Bf2 Rd1 46. Kg4 Bf6 47. Ra2 c4 48. Rc2 c3 49. f4 Rd2 0-1

[Event "GER-ch Net blitz qual2"]
[Site "Playchess.com INT"]
[Date "2021.05.04"]
[Round "2"]
[White "Hein, Ralf1111"]
[Black "Schmidt, Sandra"]
[Result "1-0"]
[WhiteElo "1666"]
[BlackElo "1423"]
[PlyCount "57"]
[EventDate "2021.05.04"]
[EventType "swiss (blitz)"]
[EventRounds "11"]
[EventCountry "GER"]
[SourceTitle "CBM 202 Extra"]
[Source "ChessBase"]
[SourceDate "2021.07.31"]
[SourceVersion "1"]
[SourceVersionDate "2021.07.31"]
[SourceQuality "1"]

1. e4 c5 2. c3 d6 3. d4 cxd4 4. cxd4 g6 5. Nc3 Bg7 6. Be3 Nf6 7. Nf3 0-0 8. Be2 a6 9. 0-0 b5 10. a3 Nbd7 11. Qc1 Bb7 12. e5 dxe5 13. dxe5 Nd5 14. Bh6 Bxh6 15. Qxh6 Nxc3 16. bxc3 Bxf3 17. Bxf3 Rc8 18. Rad1 Qc7 19. e6 Ne5 20. exf7+ Rxf7 21. Bd5 Ng4 22. Bxf7+ Kxf7 23. Qxh7+ Kf8 24. g3 Qxc3 25. Qxg6 Nf6 26. Rd3 Qe5 27. Rfd1 Qc7 28. h4 Qb6 29. h5 1-0